000 00691nam a2200181Ia 4500
003 GCL
008 140319s9999 xx 000 0 ara d
040 _aGCL /
_cGCL
082 0 4 _a152.47
_bم د
100 1 _aمحمد احمد ابراهيم سعفان
245 1 0 _aدراسات فى علم النفس والصحة النفسية - اضطراب انفعال الغضب /
_cمحمد احمد ابراهيم سعفان
260 _aالقاهرة :
_bدار الكتاب الحديث ،
_c2003
300 _a189 ص ؛
_c24 سم
650 0 4 _aالانفعالات النفسية
650 0 4 _aالغضب
650 0 4 _aالاضطرابات العصبية - تشخيص
942 _2ddc
_cBK
999 _c34782
_d34782